00906nam a2200253 a 450000500170000000800410001704000250005804100080008304400070009109000130009810000310011124501200014226000450026230000100030765000180031765000150033565000300035065000270038065000280040765000300043594200130046599900130047895201610049120191224041536.0140221b1997 ck |||||rm||| 00| 0 spa d aCO-BoIAVHcCO-BoIAVH aspa ack aTEb0081 aRojas Salazar, Ana María aEstructura de la comunidad y algunos aspectos ecológicos de los murciélagos del Parque Nacional Natural Tinigua aBogotábUniversidad de los Andesc1997 a60 p. aMurciélagos aQuiroptera aEcología de comunidades aHábitos alimentarios aBiología reproductiva aInteracción biológica cTESIS2z c607d607 00102z40708TESISIINV2017aBogotabBogotad1998-02-19eChaves, María Elfil0oTE-0081p000859r2012-12-04 00:00:00tEj. 1w2012-12-04xDonacionyTESIS